00907 a2200169 45000010006000000050017000060080041000230030015000640400040000790800109001192450039002282640064002673000019003315050349003501000022006997000016007214678220260407155738.0260407a1975 arg spa dAR-UNSa-BCEJYS aAR-UNSa-BCEJYSbspacAR-UNSa-BCEJYS a339.9xEconomía internacional en general. Relaciones económicas internacionales. Economía mundial 10aLa acumulación en escala mundial 1aBuenos Aires :bSiglo Veintiuno de Argentina Editoresc1975 a660 p.c20 cm. a1. La especialización internacional desigual y los flujos internacionales de capitales – 2. Las formaciones del capitalismo periférico – 3. Los mecanismos monetarios en la periferia y el sistema monetario mundial – 4. El rol de la periferia en la coyuntura mundial – 5. El ajuste de la balanza de pagos exteriores de la periferia. 1 aCortés, Rosalia1 aAmin, Samir